000 00389nam a2200181Ia 4500
100 _aBalagurusamy/ E.
650 _aC++
250 _a3
942 _cBK
366 _f15
654 _aC++
245 _aObject oriented programming With C++
260 _bTata Mc Graw hill Ltd.
_aNew Delhi
_c2006
082 _a005.133/BAL
_bBAL
300 _a614
546 _aENGLISH
999 _c22117
_d22117